000 00606nam a22002297a 4500
003 OSt
005 20140310182934.0
008 130201t xxu||||| |||| 00| 0 eng d
020 _a9789715848671
050 _aQA154.2
_b.C385 2009
082 _aFIL 512
_bC385 2009
245 _aCollege algebra for Filipino students
_cCayabyab, Sheila P.
260 _aQuezon City
_bC & E Publishing, Inc
_c2009
300 _a341 p.
_c26 cm.
521 _acollege students
526 _c1210L-1700L
541 _j1
541 _j2
541 _j3
562 _e3
942 _2lcc
_cBK
_kFIL
999 _c17580
_d17580